Missing Word: Evil Movies Quiz Stats

 Plays Quiz Updated Oct 22, 2014

Challenge
Share
Tweet
Embed
Score 0/10 Timer 02:00
0 Plays Today
Movie Word % Correct
See No Evil, ____ No EvilHear
97.6%
_______ Us from EvilDeliver
79.5%
________ Evil: AfterlifeResident
77.7%
___ Year's EvilNew
77.1%
Midnight in the ______ of Good and EvilGarden
69.2%
The Evil That ___ DoMen
52.4%
Lewis Black's ____ of All EvilRoot
31.7%
Evil ______ the SunUnder
30.8%
Evil Stalks This _____House
29.2%
Hoodwinked Too! ______ vs. EvilHood
17.8%

Today's Daily Dose

Missing Word
Biopics

Word Ladder
Food Idioms

Quick Pick
Diets

On This Day
December 18th II

You're not logged in!

Compare scores with friends on all Sporcle quizzes.
OR
Log In

You Might Also Like...

Show Comments

Extras

Top Quizzes Today


Score Distribution

Your Account Isn't Verified!

In order to create a playlist on Sporcle, you need to verify the email address you used during registration. Go to your Sporcle Settings to finish the process.

Report this User

Report this user for behavior that violates our Community Guidelines.

Details: